Statistics for 2017-2018 Top 50 NBA Players

Click here to take the quiz!

General Stats

  • This quiz has been taken 181 times
  • The average score is 36 of 50

Answer Stats

HintAnswer% Correct
Cavs SFLeBron James
99%
Warriors PGSteph Curry
91%
Warriors SFKevin Durant
90%
Thunder PGRussell Westbrook
90%
Rockets SGJames Harden
86%
Warriors SGKlay Thompson
83%
Bucks SFGiannis Antetokounmpo
81%
Spurs SFKawhi Leonard
81%
Pelicans PFAnthony Davis
80%
Timberwolves CKarl-Anthony Towns
80%
Trail Blazers PGDamian Lillard
79%
Wizards PGJohn Wall
79%
Celtics PGKyrie Irving
79%
Rockets PGChris Paul
78%
Warriors PFDraymond Green
78%
Thunder SFPaul George
78%
Clippers PFBlake Griffin
77%
Wizards SGBradley Beal
77%
Suns SGDevin Booker
76%
Raptors PGKyle Lowry
76%
76ers CJoel Embiid
75%
Hornets PGKemba Walker
75%
Nuggets CNikola Jokic
75%
Timberwolves SGJimmy Butler
74%
Jazz CRudy Gobert
74%
Cavs PFKevin Love
73%
Trail Blazers SGCJ McCollum
72%
Clippers CDeAndre Jordan
72%
Pelicans CDeMarcus Cousins
72%
Raptors SGDeMar Derozan
71%
Grizzlies CMarc Gasol
69%
Celtics CAl Horford
68%
Bucks SGKhris Middleton
68%
Grizzlies PGMike Conley
68%
Pistons CAndre Drummond
66%
Timberwolves SFAndrew Wiggins
66%
Knicks SFCarmelo Anthony
66%
Celtics SFGordon Hayward
66%
Spurs PFLaMarcus Aldridge
65%
Bulls SGZach LaVine
65%
Heat CHassan Whiteside`
63%
Pacers CMyles Turner
63%
Heat PGGoran Dragic
61%
Cavs PGIsaiah Thomas
61%
Knicks PFKristaps Porzingis
61%
Pistons SGAvery Bradley
59%
Trail Blazers CJusuf Nurkic
57%
Suns PGEric Bledsoe
55%
Nuggets PFPaul Millsap
55%
Bucks PFJabari Parker
42%

Score Distribution

Percentile by Number Answered

Percent of People with Each Score

Your Score History

You have not taken this quiz